000
00318nam a2200109Ia 4500
008
171211s9999 xx 000 0 und d
245
_a
Occultism in a Global Perspective
245
_c
Gordan Djurdjevic and Henrik Bogdan
260
_c
2014
650
_x
RELIGION
856
_u
http://down.ebook777.com/062/1844657167.pdf
999
_c
350607
_d
350607